000 00540nam a2200181Ia 4500
003 GCL
008 140319s9999 xx 000 0 ara d
040 _aGCL /
_cGCL
082 0 4 _a813.03
_bم ت
100 1 _aمجيد الطوبيا
245 1 0 _aتغريبة بنى حتحوت الى بلاد الجنوب /
_cمجيد الطوبيا
260 _a[S.N] :
_bدار سعاد الصباح
300 _a239 ص
490 _aرواية
_v0
650 0 4 _aالادب العربى
650 0 4 _aالقصة العربية
942 _2ddc
_cBK
999 _c29180
_d29180